Antropología e historia : boletín del Instituto Nacional de Antropología e Historia /
Shranjeno v:
| Drugi avtorji: | |
|---|---|
| Format: | Knjiga |
| Jezik: | španščina |
| Izdano: |
México :
Secretaría de Educación Pública : INAH,
1978, c1978
|
| Teme: | |
| Oznake: |
Brez oznak, prvi označite!
|
MARC
| LEADER | 00000nam^a2200000^a^4500 | ||
|---|---|---|---|
| 001 | 000115590 | ||
| 005 | 20250521000000.0 | ||
| 009 | 20260310094100.528 | ||
| 037 | |a Acervo ITESO - Biblioteca | ||
| 041 | |a ESP | ||
| 082 | |a 300. 5 |b INAH S. 3 V. 21 | ||
| 240 | 1 | 1 | |a [Boletín INAH] |
| 240 | 1 | 1 | |a [Antropología e historia] |
| 245 | 1 | 0 | |a Antropología e historia : |b boletín del Instituto Nacional de Antropología e Historia / |c Dir. de R. Tena. |
| 264 | 4 | |a México : |b Secretaría de Educación Pública : |b INAH, |c 1978, c1978 | |
| 300 | |a 64 p. | ||
| 336 | |a texto |b txt |2 rdacontenido | ||
| 337 | |a sin mediación |b n |2 rdamedio | ||
| 338 | |a volumen |b nc |2 rdasoporte | ||
| 649 | |a XX | ||
| 650 | |a Antropología - |x Publicaciones Periódicas Mexicanas | ||
| 650 | |a Urnas Funerarias | ||
| 650 | |a Arquitectura Funeraria - |z Oaxaca | ||
| 650 | |a Arquitectura Funeraria - |z México | ||
| 650 | |a Misiones - |z Sonora | ||
| 650 | |a Misiones - |z México | ||
| 650 | |a Arquitectura Religiosa - |z Sonora | ||
| 650 | |a Arquitectura Religiosa - |z México | ||
| 650 | |a Mayas - |x Condiciones Sociales y Culturales | ||
| 650 | |a Mayas - |x Historia | ||
| 650 | |a Indígenas de México - |x Historia | ||
| 650 | |a Museos - |z México - |x Historia | ||
| 700 | |a Tena, Rafael |e (dirección) | ||
| 910 | |a Fondo Salvador Reynoso Reynoso | ||
| 920 | |a Impresos - Libros | ||
| 930 | |a Fondos Especiales | ||
| 905 | |a 112 | ||
| 901 | |a 0800003545 |b IT2 |c ESP |u 20250521 | ||
| 902 | |a https://opac.biblio.iteso.mx/vufind/Record/000115590 | ||